000 00679nam a2200229Ia 4500
005 20260429112014.0
008 260429s9999||||xx |||||||||||||| ||und||
020 _a9781032420301
041 _aEnglish
082 _a370.115
_bMIC
100 _aMichelli, Nicholas M.
245 0 _aEducation for social justice :
_bthe meaning of justice and current research /
_cNicholas M. Michelli
250 _a1st ed.
260 _aNew Delhi :
_bRoutledge,
_c2024.
300 _axviii, 195 p.; pbk
650 _a Educational equity
650 _aSocial justice education
700 _a Campo, Stacey
700 _a Jacobowitz, Tina J.
700 _a Jahnsen, Diana
942 _cTB
999 _c51849
_d51849